000 00481nam a2200169 i 4500
001 47386
003 ES-MaACL
005 20250620063015.0
007 t|
008 030407s1961 sp ||||1| spa d
100 1 _aCorbera Fradera, Carolina,
_d1926-1979
_940459
245 1 0 _aSonrisas de Cataluña /
_cCarolina Corbera Fradera.
260 _aMadrid :
_bLincor,
_c1961.
300 _a277 p. ;
_c19 cm.
852 _aES-MaACL
_jC-19823
_bR.47466
999 _c47386
_d47386